C++ Programmer's Companion : Designing, Testing, and Debugging

Salvato in:
Dettagli Bibliografici
Autore principale: Davis, Stephen R (Autore)
Natura: Libro
Lingua:inglese
Pubblicazione: Reading : Addison-Wesley Publishing Company, 1993
Soggetti:
Tags: Aggiungi Tag
Nessun Tag, puoi essere il primo ad aggiungerne!!

MARC

LEADER 00000nam a22000003a 4500
001 stu295070
005 20150617230318.2
008 140808s--------uk------------------eng-d
020 |a 0-201-60829-4 
040 |a STU  |b slo 
041 0 |a eng 
044 |a uk 
100 1 |a Davis, Stephen R  |4 aut 
245 1 |a C++ Programmer's Companion :  |b Designing, Testing, and Debugging 
260 |a Reading :  |b Addison-Wesley Publishing Company,  |c 1993 
300 |a 694 s 
650 7 |a programovací jazyk  |2 stusub 
996 |c I*16PJ10332  |l II680  |s A  |a 24  |w stu295070_0001